Guts and Blackpowder Surgeon Items - Statistics

General Stats
  • This quiz has been taken 97 times
  • The average score is 4 of 5
Answer Stats
Shop Price Item % Correct
Free Sabre
90%
50 Francs Water Bucket
87%
Free Box Of Bandages
76%
Free Medical Supplies
76%
1000 Francs Extended Surgeon Kit
73%
No matching quizzes found
Score Distribution
Percent of People with Each Score
Percentile by Number Answered
Your Score History
You have not taken this quiz